00633nam a2200205Ia 450000500170000000800410001704000190005804100120007708200160008910000260010524501140013126000350024530000110028050400500029163000080034165000130034965100320036270000230039485000100041720231206114036.0131103s9999 xx 000 0 und d aLoreto College aEnglish a327.06bGAR aGareis, Sven Bernhard aUnited Nationsb An introduction cSven Bernhard Gareis and Johannes Varwick ; translated by Lindsay P. Cohn aUnited KingdombPalgravec1998 a284p.  aIncludes index and bibliographical references aUNO aPolitics aInternational Organisations aVarwick, Johannes  aLCLIB